German Speaking Regions on the Map - Statistics

General Stats
  • This quiz has been taken 778 times
  • The average score is 5 of 6
Answers on the Map
Answers color-coded by a green-red scale on the quiz's map according to % correct below.
 
Answer Stats
Countries % Correct
Germany
99%
Austria
98%
Switzerland
98%
Liechtenstein
85%
South Tyrol
52%
Eupen-Malmedy
22%
No matching quizzes found
Score Distribution
Percent of People with Each Score
Percentile by Number Answered
Your Score History
You have not taken this quiz